|
|
|
|
| LEADER |
01203nam a22003012a 4500 |
| 001 |
001835091 |
| 003 |
CZ BrMZK |
| 005 |
20260312083041.0 |
| 007 |
ta |
| 008 |
220923s1948 xr a er|||||||||||cze d |
| 015 |
|
|
|a cnb000711238
|
| 035 |
|
|
|a (OCoLC)85429673
|
| 040 |
|
|
|a ABA001
|b cze
|c PNA001
|d ABA001
|
| 100 |
1 |
|
|a Jakšová-Polívková, Ludmila,
|d 1921-2004
|7 mzk2004252240
|4 aut
|4 ill
|
| 245 |
1 |
0 |
|a O Bětušce malířce /
|c L. Jakšová ; [Ilustrovala Ludmila Jakšová]
|
| 250 |
|
|
|a Vydání I.
|
| 260 |
|
|
|a V Blatné :
|b Jihočeské nakladatelství Bratří Řimsové,
|c 1948
|
| 300 |
|
|
|a 54, [IV] s. ;
|c 4°
|
| 490 |
1 |
|
|a Edice Slunečnice
|
| 500 |
|
|
|a Dostupné též v digitální podobě v aplikaci Kramerius
|
| 830 |
|
0 |
|a Edice Slunečnice
|
| 856 |
4 |
1 |
|u http://www.digitalniknihovna.cz/mzk/uuid/uuid:30117880-3d76-11ed-80d2-5ef3fc9bb22f
|y Digitalizovaný dokument
|x NDK
|
| 910 |
|
|
|a BOA001
|b 4-0211.901
|b PK-III-0023.794
|
| 920 |
|
|
|a 000714536
|
| 990 |
|
|
|a BK
|
| 991 |
|
|
|b 202209
|
| 996 |
6 |
|
|b 2618737005
|c 4-0211.901
|l MZK
|r Sklad / do 24 hodin
|n 0
|w 001900288
|u 000010
|a 1
|e BOA001
|j MZK50
|s P
|
| 996 |
7 |
|
|b 3119695088
|c PK-III-0023.794
|l MZK
|r Sklad / do 1 hodiny
|n 0
|w 001900288
|u 000020
|a 1
|e BOA001
|j MZK50
|s A
|